000 01188nam0a2200325 i 4500
001 RU\NLR\BIBL_A\010759071
005 20241114180112.0
010 _a9785971019565
021 _aRU
_b2015-26521
_91569
035 _a(NILC)RuMoRGB-007905940
035 _a(NLR Aleph) 010759071
090 _a9973550
_c9973550
100 _a20150520d2015 u y0rusy50 ca
101 0 _arus
102 _aRU
105 _aa|||z|||000yy
200 1 _aЭлектрофизические свойства композитов
_eмакроскопическая теория
_fБ. Я. Балагуров
210 _aМосква
_cURSS
_cЛЕНАНД
_d2015
215 _a752 с.
_cил.
_d22
320 _aБиблиогр. в конце гл.
606 _aКомпозиционные материалы
_xЭлектрофизические свойства
_92122505
_3RU\NLR\AUTH\661281514
610 0 _aгетероструктуры
686 1 _aЖ366.063
700 1 _aБалагуров
_bБ. Я.
_gБорис Яковлевич
801 0 _aRU
_bРГБ
_c20150406
_gRCR
801 1 _aRU
_bРГБ
_c20150406
_2rusmarc
942 _cBOOK
980 _aNBR